| 000 | 00335nab a22001097u 4500 | ||
|---|---|---|---|
| 008 | 130520b1987 xxu||||| |||| 00| 0 spa d | ||
| 041 | _aspa | ||
| 100 | 1 |
_aParvey, Constance _956727 |
|
| 245 | 0 | 0 |
_aMujeres sin hogar en los Estados Unidos _cConstance Parvey |
| 773 | 0 |
_tConcilium _gV.2,1987,págs. 403-411 _x0210-1041 _wRev134 |
|
| 942 | _cAR | ||
| 999 |
_c355335 _d355335 |
||